000 00348nam a22001337a 4500
020 _a81-85015-54-6
082 _a005 BHA'F
100 _a BHATT, P. C. P PROF
_961519
245 _aFUNDAMENTALS ALGORITHMS ,THE ART OF COMPUTER PROGRAMMING
250 _a 2ND
260 _aNEWDELHI
_bNAROSA PUBLISHING
_c1973
300 _aXXIV, 636P
942 _cBK
999 _c570949
_d570949